Catálogo

Vista normal Vista MARC

Entrada Personal Name

Número de registros utilizados en: 1

001 - CONTROL NUMBER

  • control field: 16692

003 - CONTROL NUMBER IDENTIFIER

  • control field: Mx-PuUPA

005 - DATE AND TIME OF LATEST TRANSACTION

  • control field: 20250130150210.0

008 - FIXED-LENGTH DATA ELEMENTS

  • fixed length control field: 250130|| aca||aabn | a|a d

040 ## - CATALOGING SOURCE

  • Original cataloging agency: Mx-PuUPA
  • Language of cataloging: spa
  • Transcribing agency: Mx-PuUPA
  • Modifying agency: Mx-PuUPA
  • Description conventions: rda

100 1# - HEADING--PERSONAL NAME

  • Personal name: Diego Armida, Andrea,

373 ## - ASSOCIATED GROUP

  • Associated group: Universidad de Navarra, España
  • Associated group: Universidad Panamericana (México)
  • Associated group: Centro de Estudios de Familia, Bioética y Sociedad (Cefabios)

374 ## - OCCUPATION

  • Occupation: Autora
  • Occupation: Mestra en historia de pensamiento
  • Occupation: Licenciada en pedagogía

375 ## - GENDER

  • Gender: mujer

377 ## - ASSOCIATED LANGUAGE

  • Language code: spa

400 1# - SEE FROM TRACING--PERSONAL NAME

  • Personal name: Armida, Andrea Diego

670 ## - SOURCE DATA FOUND

  • Source citation: En busca del cuerpo personal : más allá de la naturaleza y la subjetividad, 2021:
  • Information found: t.p. ( Andrea Diego Armida) portada